Statistics for Country having had a player playing in the NBA

Click here to take the quiz!

General Stats

  • This quiz has been taken 55 times
  • The average score is 54 of 81

Answer Stats

PaysNombre de joueurs ayant évoluer en NBA% Correct
United States
100%
France33
98%
Canada49
94%
China6
94%
Spain17
92%
Germany18
90%
United-Kingdom12
90%
Australia25
88%
Japan5
88%
Mexico5
88%
Russia13
88%
Brazil17
86%
Slovenia12
86%
Sweden2
86%
Italy10
84%
Argentina12
82%
Finland3
82%
Greece13
82%
Serbia31
82%
Democratic Republic of the Congo4
80%
Ireland5
80%
Netherlands5
80%
Norway1
80%
Switzerland2
80%
Turkey12
80%
Belgium1
78%
Croatia23
78%
Egypt2
78%
New Zealand3
78%
Nigeria21
78%
Poland4
78%
Lithuania12
73%
Slovakia1
73%
Bosnia and Herzegovina6
71%
Bulgaria4
71%
Cameroon4
71%
Cuba2
71%
Estonia1
71%
Latvia7
71%
Romania1
71%
South Korea1
71%
Austria1
69%
Ukraine9
69%
Bahamas5
67%
Hungary1
67%
Iran1
67%
Senegal11
67%
Czech Republic4
65%
Dominican Republic9
63%
Israel3
63%
Venezuela6
63%
Haiti3
61%
Iceland1
61%
Jamaica8
61%
Sudan2
61%
Uruguay1
61%
Montenegro8
59%
Panama4
59%
Tunisia1
59%
Dominica1
57%
Mali2
57%
Ghana1
55%
North Macedonia4
55%
Belarus1
53%
Georgia11
53%
Lebanon4
49%
Philippines3
49%
Angola1
47%
Gabon2
47%
Ivory Coast1
45%
Tanzania1
45%
Guyana2
43%
South Sudan2
43%
Trinidad and Tobago2
43%
Libya2
41%
Belize3
39%
Antigua and Barbuda1
33%
Puerto Rico15
33%
Qatar2
27%
U.S. Virgin Islands4
22%
Cape Verde1
8%

Score Distribution

Percentile by Number Answered

Percent of People with Each Score

Your Score History

You have not taken this quiz